滋賀県の難読地名 30コ - Statistics

General Stats
  • This quiz has been taken 74 times
  • The average score is 5 of 30
Answer Stats
漢字 回答 % Correct
膳所(大津市) ぜぜ
97%
安曇川(高島市士 あどがわ
78%
愛知川(愛荘町) えちがわ
72%
穴太(大津市) あのう
50%
焔魔堂(守山市) えんまどう
47%
朽木(高島市) くつき
45%
博労町(近江八幡市) ばくろちょう
17%
苗鹿(大津市) のうか
14%
金勝(栗東市) こんぜ
12%
虫生(野洲市) むしゅう
9%
毛枚(甲賀市) もびら
3%
北仰(高島市) きとげ
3%
夫馬(米原市) ぶま
3%
薬師(竜王町) くずし
3%
石居(大津市) いしずえ
2%
下物(草津市) おろしも
2%
柞原(甲賀市) ほそはら
2%
鎌掛(日野町) かいがけ
2%
大君ケ畑(多賀町) おじがはた
2%
出路(彦根市) でっち
0%
沼波(彦根市) のなみ
0%
阿閉(長浜市) あつじ
0%
宇田(甲賀市) うつた
0%
安治(野洲市) あわじ
0%
綺田町(東近江市) かばたちょう
0%
岩脇(米原市) いおぎ
0%
小田(米原市) やないだ
0%
斧磨(愛荘町) よきとぎ
0%
深草(愛荘町) ふこそ
0%
仏ケ後(多賀町) ほとけら
0%
No matching quizzes found
Score Distribution
Percent of People with Each Score
Percentile by Number Answered
Your Score History
You have not taken this quiz